00757nam a2200241 a 450000100060000000300080000600500170001400800410003102000380007203500190011004000270012904100080015608200240016410000190018824500500020726000360025730000390029349000550033250400280038765000250041565000180044083000570045856266BD-RjUL20211209080356.0161128s1976 enkab b 000 0 eng  a0713125969 :c£3.00.a0713125977 a(BD-RjUL)56390 aDLCcDLCdBD-RjULbeng aeng00a572.8223bJOP 19761 aJohn, Bernard.10aPopulation cytogenetics /c[by] Bernard John. aLondon :bEdward Arnold,c1976. a[4], 76 p. :bill., maps ;c22 cm.1 aInstitute of Biology's Studies in biology ; no. 70 aBibliography: p. 75-76. 0aPopulation genetics. 0aCytogenetics. 0aInstitute of Biology's studies in biology ;vno. 70.